| 000 | 01464nam a2200385 i 4500 | ||
|---|---|---|---|
| 001 | 10856 | ||
| 003 | KOSZ 005 | ||
| 005 | 20211126142830.0 | ||
| 008 | 080305s1965 pl a f 001 0 pol | ||
| 015 | _aPB 1966/1895 | ||
| 040 |
_aWA N _cWA N _dKOSZ 005/RW _dKOSZ 005/HR |
||
| 041 | 1 |
_apol _hrus |
|
| 080 | _a519.61/.64 | ||
| 080 | _a517.5 | ||
| 080 | _a517.2/.3 | ||
| 100 | 1 |
_aDemidovič, Boris Pavlovič _eAutor |
|
| 245 | 1 | 0 |
_aMetody numeryczne. _nCz. 2, _pPrzybliżanie funkcji, równiania różniczkowe i całkowe / _cB. P. Demidowicz, I. A. Maron, E. Z. Szuwałowa ; [tł. A. Pol i A. Szymanowski]. |
| 246 | 1 |
_iTyt. oryg.: _aČislennye metody analiza. |
|
| 260 |
_aWarszawa : _bPaństwowe Wydawnictwo Naukowe, _c1965. |
||
| 300 |
_a345, [2] s. : _bil., err. ; _c25 cm. |
||
| 380 | _aKsiążki | ||
| 504 | _aBibliogr. przy rozdz. Indeks. | ||
| 650 | 4 | _aAnaliza numeryczna | |
| 650 | 4 | _aFunkcje | |
| 650 | 4 | _aRachunek całkowy | |
| 650 | 4 | _aRachunek różniczkowy | |
| 658 | _aMatematyka | ||
| 700 | 1 |
_aMaron, Isaak Abramovič _eAutor |
|
| 700 | 1 |
_aŠuvalova, Èmma Zinov'evna _eAutor |
|
| 700 | 1 |
_aPol, Antoni _eTłumaczenie |
|
| 700 | 1 |
_aSzymanowski, Adam _d(1938-2001) _eTłumaczenie |
|
| 710 | 2 |
_aPaństwowe Wydawnictwo Naukowe _4pbl. |
|
| 856 |
_uhttp://koha.tu.koszalin.pl/cgi-bin/koha/opac-detail.pl?biblionumber=10856 _yKatalog online BPK |
||
| 942 |
_2UKD _cKS |
||
| 999 |
_c10856 _d10856 |
||